000
00248nam a2200109Ia 4500
100
_a
Joshi/P.H.
942
_c
BK
245
_a
PRESS TOOLS : DESIGN AND CONST.
260
_b
S.Chand & Co.
_a
New Delhi
_c
2010
082
_a
671.33/JOS
546
_a
ENGLISH
999
_c
30149
_d
30149